Elementary linear algebra with applications / (Record no. 17959)
[ view plain ]
| 000 -LEADER | |
|---|---|
| fixed length control field | 01104pam a2200325 a 4500 |
| 001 - CONTROL NUMBER | |
| control field | 013807604 |
| 003 - CONTROL NUMBER IDENTIFIER | |
| control field | OSt |
| 005 - DATE AND TIME OF LATEST TRANSACTION | |
| control field | 20240818092946.0 |
| 008 - FIXED-LENGTH DATA ELEMENTS--GENERAL INFORMATION | |
| fixed length control field | 070801t2008 xxua frbd 001 0 eng d |
| 020 ## - INTERNATIONAL STANDARD BOOK NUMBER | |
| International Standard Book Number | 9780131350632 (Int. ed. : pbk.) |
| 020 ## - INTERNATIONAL STANDARD BOOK NUMBER | |
| International Standard Book Number | 0131350633 (Int. ed. : pbk.) |
| 040 ## - CATALOGING SOURCE | |
| Original cataloging agency | StDuBDS |
| Language of cataloging | eng |
| Transcribing agency | StDuBDS |
| Modifying agency | Uk |
| 082 04 - DEWEY DECIMAL CLASSIFICATION NUMBER | |
| Classification number | 512.5 |
| Edition number | 22 |
| Item number | KOL |
| 100 1# - MAIN ENTRY--PERSONAL NAME | |
| Personal name | Kolman, Bernard, |
| Dates associated with a name | 1932- |
| 9 (RLIN) | 34919 |
| 245 10 - TITLE STATEMENT | |
| Title | Elementary linear algebra with applications / |
| Statement of responsibility, etc | Bernard Kolman, David R. Hill. |
| 250 ## - EDITION STATEMENT | |
| Edition statement | 9th ed. |
| 260 ## - | |
| -- | Upper Saddle River, United States : |
| -- | Pearson Prentice Hall, |
| -- | c.2008 |
| 300 ## - PHYSICAL DESCRIPTION | |
| Extent | [Various pagings] : |
| Other physical details | ill. ; |
| Dimensions | 26 cm. |
| 336 ## - CONTENT TYPE | |
| Source | rdacontent |
| Content type term | text |
| Content type code | txt |
| 337 ## - MEDIA TYPE | |
| Media type term | unmediated |
| Source | rdamedia |
| Media type code | n |
| 338 ## - CARRIER TYPE | |
| Carrier type term | volume |
| Carrier type code | nc |
| Source | rdacarrier |
| 500 ## - GENERAL NOTE | |
| General note | Includes index. |
| 500 ## - GENERAL NOTE | |
| General note | Includes glossary. |
| 500 ## - GENERAL NOTE | |
| General note | Includes appendix. |
| 650 #0 - SUBJECT ADDED ENTRY--TOPICAL TERM | |
| Topical term or geographic name as entry element | Algebras, Linear |
| Form subdivision | Problems, exercises, etc. |
| 9 (RLIN) | 34920 |
| 653 ## - INDEX TERM--UNCONTROLLED | |
| Resource For college | |
| Arrived date list | January2014 |
| 655 ## - INDEX TERM--GENRE/FORM | |
| Form subdivision | |
| 9 (RLIN) | 33728 |
| 700 1# - ADDED ENTRY--PERSONAL NAME | |
| Personal name | Hill, David R. |
| Fuller form of name | (David Ross), |
| Dates associated with a name | 1943- |
| 9 (RLIN) | 34921 |
| 942 ## - ADDED ENTRY ELEMENTS (KOHA) | |
| Source of classification or shelving scheme | Dewey Decimal Classification |
| Call number prefix | 512.5 KOL |
| Classification part | RDA-MOD |
| Withdrawn status | Lost status | Source of classification or shelving scheme | Damaged status | Not for loan | Collection code | Home library | Current library | Shelving location | Date acquired | Source of acquisition | Total Checkouts | Full call number | Barcode | Date last seen | Price effective from | Koha item type | Total Renewals | Date checked out |
|---|---|---|---|---|---|---|---|---|---|---|---|---|---|---|---|---|---|---|
| Dewey Decimal Classification | Baccah | Central Library | Central Library | First floor | 23/01/2014 | 512.5 KOL | 000035460 | 15/07/2025 | 23/01/2014 | NB - Book (Non borrowing) | ||||||||
| Dewey Decimal Classification | Baccah | Central Library | Central Library | First floor | 23/01/2014 | 5 | 512.5 KOL | 000035461 | 15/07/2025 | 23/01/2014 | Book - Borrowing | 18 | 10/11/2024 | |||||
| Dewey Decimal Classification | Baccah | Central Library | Central Library | First floor | 23/01/2014 | 4 | 512.5 KOL | 000035462 | 15/07/2025 | 23/01/2014 | Book - Borrowing | 21 | 26/09/2019 | |||||
| Dewey Decimal Classification | Baccah | Central Library | Central Library | First floor | 23/01/2014 | 4 | 512.5 KOL | 000035463 | 15/07/2025 | 23/01/2014 | Book - Borrowing | 7 | 12/11/2023 | |||||
| Dewey Decimal Classification | Baccah | Central Library | Central Library | First floor | 23/01/2014 | 5 | 512.5 KOL | 000035464 | 15/07/2025 | 23/01/2014 | Book - Borrowing | 42 | 12/11/2020 |